<?xml version="1.0" encoding="UTF-8"?>
<collection xmlns="http://www.loc.gov/MARC21/slim">
 <record>
  <leader>02462nam a2200301 a 4500</leader>
  <controlfield tag="001">1/47742</controlfield>
  <controlfield tag="008">180515s2016    enka     b    00110 eng  </controlfield>
  <datafield tag="020" ind1=" " ind2=" ">
   <subfield code="a">9781783301584</subfield>
  </datafield>
  <datafield tag="035" ind1=" " ind2=" ">
   <subfield code="l">50731</subfield>
  </datafield>
  <datafield tag="040" ind1=" " ind2=" ">
   <subfield code="a">GR-PeUP</subfield>
  </datafield>
  <datafield tag="082" ind1="0" ind2="0">
   <subfield code="a">615.5 ENG</subfield>
  </datafield>
  <datafield tag="245" ind1="0" ind2="0">
   <subfield code="a">Engaging with records and archives :</subfield>
   <subfield code="b">histories and theories /</subfield>
   <subfield code="c">edited by Fiorella Foscanini, Heather MacNeil, Bonnie Mak and Gillian Oliver.</subfield>
  </datafield>
  <datafield tag="260" ind1="0" ind2=" ">
   <subfield code="a">London :</subfield>
   <subfield code="b">Facet Publishing,</subfield>
   <subfield code="c">2016.</subfield>
  </datafield>
  <datafield tag="300" ind1=" " ind2=" ">
   <subfield code="a">xv, 236 σ. ;</subfield>
   <subfield code="c">23 εκ.</subfield>
  </datafield>
  <datafield tag="500" ind1=" " ind2=" ">
   <subfield code="a">Contents Introduction - Fiorella Foscarini, Heather Macneil, Bonnie Mak, and Gillian Oliver. PART 1: Rethinking Histories and Theories. 1. Moving the Margins to the Middle: Reconciling `the Archive' with the Archives - Jeannette Bastian. 2. Organisms, Skeletons, and the Archivist as Paleontologist: Metaphors of Archival Order and Reconstruction in Context - Juan Ilerbaig. 3. 'Records in Context' in Context: A Brief History of Data Modeling for Archival Description - Jonathan Furner. 4. Mapping Archival Silence: Technology and the Historical Record - Marlene Manoff. 5. Hidden Voices in the Archives: Pioneering Women Archivists in Early 20th Century England - Elizabeth Shepherd. PART 2: Engaging Records and Archives. 6. The Use and Reuse of Documents by Chancellors, Archivists and Government Members in an Early Modern Republican State: Genoa's Giunta dei Confini and Its Archives - Stefano Gardini. 7. The Bumpy Road to Transparency: Access and Secrecy in 19th-Century Records in the Dutch East Indies - Charles Jeurgens. 8. Melanie Delva and Melissa Adams, &quot;Archival Ethics and Indigenous Justice: Conflict or Coexistence?&quot; 9. History and Development of Information and Recordkeeping in Malawi - Paul Lihoma. 10. History of Community Archiving in Poland - Magdalena Wisniewska. 11. Reflecting on Practice: Artists' Experiences in the Archives - Sian Vaughan</subfield>
  </datafield>
  <datafield tag="504" ind1=" " ind2=" ">
   <subfield code="a">Περιέχει βιβλιογραφία και ευρετήριο.</subfield>
  </datafield>
  <datafield tag="650" ind1=" " ind2="4">
   <subfield code="a">Archives.</subfield>
  </datafield>
  <datafield tag="650" ind1=" " ind2="4">
   <subfield code="a">Archives</subfield>
   <subfield code="x">Congresses.</subfield>
  </datafield>
  <datafield tag="650" ind1=" " ind2="4">
   <subfield code="a">Archives</subfield>
   <subfield code="x">History</subfield>
   <subfield code="x">Congresses.</subfield>
  </datafield>
  <datafield tag="650" ind1=" " ind2="4">
   <subfield code="a">Records</subfield>
   <subfield code="x">Management</subfield>
   <subfield code="x">Congresses.</subfield>
  </datafield>
  <datafield tag="650" ind1=" " ind2="4">
   <subfield code="a">Records</subfield>
   <subfield code="x">Management</subfield>
   <subfield code="x">History</subfield>
   <subfield code="x">Congresses.</subfield>
  </datafield>
  <datafield tag="650" ind1=" " ind2="4">
   <subfield code="a">Records</subfield>
   <subfield code="x">Congresses.</subfield>
  </datafield>
  <datafield tag="700" ind1="1" ind2=" ">
   <subfield code="a">Foscarini, Fiorella.</subfield>
  </datafield>
  <datafield tag="700" ind1="1" ind2=" ">
   <subfield code="a">MacNeil, Heather.</subfield>
  </datafield>
  <datafield tag="700" ind1="1" ind2=" ">
   <subfield code="a">Mak, Bonnie.</subfield>
  </datafield>
  <datafield tag="700" ind1="1" ind2=" ">
   <subfield code="a">Oliver, Gillian.</subfield>
  </datafield>
  <datafield tag="852" ind1=" " ind2=" ">
   <subfield code="a">INST</subfield>
   <subfield code="b">UNIPILB</subfield>
   <subfield code="c">MAIN</subfield>
   <subfield code="e">20180515</subfield>
   <subfield code="h">615.5 ENG</subfield>
   <subfield code="p">00179191</subfield>
   <subfield code="q">00179191</subfield>
   <subfield code="t">LOAN</subfield>
   <subfield code="y">0</subfield>
   <subfield code="4">1</subfield>
  </datafield>
  <datafield tag="856" ind1="4" ind2=" ">
   <subfield code="d">/webopac/covers/03/50731_9781783301584.jpg</subfield>
  </datafield>
 </record>
</collection>
